MDQL
is popping MORE tags! Check the
thread
!
Quizzes
Events
Quiz Creation
Community
Videos
Private Events
Remove Ads
Sign In
Join for FREE
Feedback
Dark Mode
Quiz Categories
Sports
Geography
Music
Movies
Television
Just For Fun
Miscellaneous
History
Literature
Language
Science
Gaming
Entertainment
Religion
Holiday
For Kids
Quiz Lab
Recent
Popular Today
Quiz Kudos Today
Editor Picks
Curator Picks
Quizzes by...
Day
Popularity
Type
Ratings
Length
Year
Community
Subscriptions
Recent Discussions
Orange Saloon
Badges
Playlists
Quests
Create
Leaderboards
Showdown
Live 5
Trivia Bingo
Activity
Puzzle Library
Sporcle Events
Private Events
Virtual Trivia
Globe League
Become a Host
Pub Owners
SporcleCon
Opinionation
Our Games
Videos
Blog
Mobile Apps
Partnerships
Remove Ads and Go Orange
Feedback
Music
Pop Music
The Beatles
Song
Album
Lyrics
Bands
Singers
Artist
Clip
Rock
Rap
Classical
Billboard
Country Music
Kpop
Taylor Swift
Music
Pop Music
The Beatles
Song
Album
Lyrics
Bands
Singers
Artist
Clip
Rock
Rap
Classical
Billboard
Country Music
Kpop
Taylor Swift
Random Quiz
Search Sporcle
×
Quiz Lab
Quiz Lab
Music
Album
Type in answers that appear in a list
Type in answers that appear in a list
Classic
Best Score? Go Orange.
Rolling Stone's 500 Greatest Albums of All Time 201-300 (Copy) Stats
Can you name the Rolling Stone's 500 Greatest Albums of All Time 201-300?
By
gak4191
15m
100 Questions
80 Plays
80 Plays
80 Plays
Comments
Comments
Give Quiz Kudos
Give Quiz Kudos
-
- Ratings
hide this ad
More Info
Replay
Link that replays current quiz
Next Quiz
Link to next quiz in quiz playlist
You Got
0%
They Got
Avg Score
48%
Avg Friend Score
Upgrade to see
Score Distribution
Jump to the score distribution portion of the page
Score
0/100
Timer
15:00
0
Plays Today
Artist
Album
% Correct
226. Queen
A Night at the Opera
88.8%
207. Pink Floyd
Wish You Were Here
86.3%
279. The Cars
The Cars
83.8%
238. Black Sabbath
Black Sabbath
81.3%
293. Weezer
Weezer
81.3%
244. R.E.M.
Automatic for the People
80%
219. U2
War
77.5%
234. Madonna
Like a Prayer
77.5%
205. Pearl Jam
Ten
76.3%
214. The Smiths
The Queen Is Dead
76.3%
224. Aerosmith
Toys in the Attic
76.3%
246. David Bowie
Low
75%
249. Metallica
Metallica
75%
266. The Rolling Stones
Some Girls
75%
221. Bruce Springsteen
Nebraska
73.8%
263. The Who
Quadrophenia
73.8%
274. David Bowie
Aladdin Sane
73.8%
258. Tracy Chapman
Tracy Chapman
72.5%
247. Bruce Springsteen
The River
70%
291. The Smiths
Meat Is Murder
70%
203. Santana
Abraxas
68.8%
215. Beastie Boys
Licensed to Ill
68.8%
222. Pixies
Doolittle
68.8%
229. Simon and Garfunkel
Bookends
67.5%
298. Eminem
The Marshall Mathers LP
67.5%
299. Jeff Buckley
Grace
66.3%
211. New York Dolls
New York Dolls
65%
212. Bo Diddley
Bo Diddley/Go Bo Diddley
65%
237. Run-
DMC
Run-DMC
63.8%
251. Whitney Houston
Whitney Houston
63.8%
209. The Rolling Stones
Tattoo You
62.5%
262. Creedence Clearwater Revival
Cosmo's Factory
62.5%
287. Talking Heads
Talking Heads: 77
62.5%
256. Crosby, Stills and Nash
Crosby, Stills and Nash
61.3%
Artist
Album
% Correct
270. Eminem
The Slim Shady LP
61.3%
296. Public Enemy
Fear of a Black Planet
60%
236. The Replacements
Let It Be
57.5%
290. MC5
Kick Out the Jams
57.5%
204. Cat Stevens
Tea for the Tillerman
56.3%
228. The Byrds
Mr. Tambourine Man
56.3%
252. The Kinks
The Kinks Are The Village Green Preservation Society
56.3%
217. My Bloody Valentine
Loveless
55%
288. Bob Dylan and the Band
The Basement Tapes
55%
202. Prince
Dirty Mind
53.8%
255. Grateful Dead
American Beauty
53.8%
297. Bob Dylan
John Wesley Harding
53.8%
250. Kraftwerk
Trans-Europe Express
52.5%
206. Neil Young with Crazy Horse
Everybody Knows This Is Nowhere
51.3%
294. Black Sabbath
Master of Reality
51.3%
223. Eric B. and Rakim
Paid in Full
50%
240. The Mothers of Invention
Freak Out!
50%
283. X
Los Angeles
50%
208. Pavement
Crooked Rain, Crooked Rain
48.8%
280. Nick Drake
Five Leaves Left
48.8%
225. Bonnie Raitt
Nick of Time
47.5%
265. The Jesus and Mary Chain
Psycho Candy
47.5%
201. Cream
Wheels of Fire
46.3%
289. The Velvet Undergound
White Light/White Heat
45%
242. Nick Drake
Bryter Layter
43.8%
233. Howlin' Wolf
Howlin' Wolf
42.5%
235. Steely Dan
Can't Buy a Thrill
42.5%
259. Grateful Dead
Workingman's Dead
41.3%
275. Madonna
The Immaculate Collection
41.3%
257. Buena Vista Social Club
Buena Vista Social Club
40%
272. Janet Jackson
Rhythm Nation 1814
40%
232. The Who
The Who Sings My Generation
38.8%
241. Grateful Dead
Live Dead
38.8%
245. Jay-
Z
Reasonable Doubt
37.5%
Artist
Album
% Correct
295. Dolly Parton
Coat of Many Colors
37.5%
267. The Beach Boys
The Beach Boys Today!
32.5%
264. Paul Simon
There Goes Rhymin' Simon
31.3%
271. Parliament
Mothership Connection
31.3%
281. Stevie Wonder
Music of My Mind
31.3%
285. The Kinks
Something Else by the Kinks
31.3%
292. The Mothers of Invention
We're Only in It for the Money
31.3%
300. Lucinda Williams
Car Wheels on a Gravel Road
31.3%
253. Janet Jackson
The Velvet Rope
27.5%
254. Willie Nelson
Stardust
26.3%
248. Otis Redding
Complete & Unbelievable: The Otis Redding Dictionary of Soul
25%
286. Al Green
Call Me
25%
243. Ornette Coleman
The Shape of Jazz to Come
23.8%
284. Grateful Dead
Anthem of the Sun
23.8%
268. Smokey Robinson and The Miracles
Going to a Go-Go
21.3%
227. The Kinks
The Kink Kronikles
20%
260. Ray Charles
The Genius of Ray Charles
20%
261. Blood, Sweat and Tears
Child Is Father to the Man
20%
210. Ike and Tina Turner
Proud Mary: The Best of Ike and Tina Turner
18.8%
282. Al Green
I'm Still in Love With You
17.5%
213. Bobby Bland
Two Steps From the Blues
16.3%
231. Jackie Wilson
Mr. Excitement!
16.3%
216. The Meters
Look-Ka Py Py
15%
239. Jerry Lee Lewis
All Killer, No Filler! The Anthology
15%
278. Barry White
Can't Get Enough
13.8%
218. Professor Longhair
New Orleans Piano
12.5%
269. Labelle
Nightbirds
12.5%
276. Mary J. Blige
My Life
12.5%
220. Neil Diamond
The Neil Diamond Collection
11.3%
277. Muddy Waters
Folk Singer
11.3%
230. Patsy Cline
The Ultimate Collection
10%
273. Harry Smith, ED.
Anthology of American Folk Music
8.8%
Quiz Playlist
Details
Report
Send in Message
Add To Playlist
More Info:
From Rolling Stone's 500 Greatest Albums of All Time (2005)
Classic:
Type in answers that appear in a list
Last Updated: Sep 23, 2017
Quiz Scoreboard
CHALLENGE
Sign Up to Join the Scoreboard
Show All
Scores
Hide
Comments
May contain spoilers
Recently Published
Find the 'City' Movie
by crazypaving
Movies
60s
5x2 Blitz: Bands
by SL_Kpop136
Music
30s
Colored Red Africa Blitz
by spor1
Geography
30s
More to Explore
Quiz From the Vault
Featured Blog Post
14 Easter Pick-up Lines to Find Eggs With
hide this ad
You Might Also Like...
Tags
Album Quiz
Artist Quiz
500
All Time
greatest
Rolling
Rolling Stone
stone
Today's Top Quizzes in Music
Browse Music
hide this ad
Today's Top Quizzes in Album
Browse Album
Top Contributed Quizzes in Music
1
5X2 Blitz: Bands II
2
5X2 Blitz: The Beatles
3
Taylor Swift All Songs (2024)
4
5X2 Blitz: Billboard
5
Taylor Swift Logic Puzzle II
6
5X2 Blitz: Billboard II
7
5X2 Blitz: Singers
8
5X2 Blitz: Album
9
5X2 Blitz: Rock
10
5X2 Blitz: Lyrics
Explore More
Trending Topics
Harry Potter
Crossword
NBA
Marvel
Disney
Kpop
Anime
Soccer
NFL
Puzzle
Country
The Office
WWE
Song
Pokémon
hide this ad
More By:
gak4191
Quiz
Plays
Rating
Category
Featured
Created
The Top 5000 Songs of the Rock Era 1-300 (2003)
3,477
3.52
Music
Aug 5, 2015
The Top 5000 Songs of the Rock Era 301-600 (2003)
1,236
5.00
Music
Aug 11, 2015
The Top 5000 Songs of the Rock Era 601-900 (2003)
1,178
5.00
Music
Aug 12, 2015
The Top 5000 Songs of the Rock Era 901-1200 (2003)
1,126
3.60
Music
Aug 13, 2015
The Top 5000 Songs of the Rock Era 1201-1500 (2003)
895
5.00
Music
Aug 20, 2015
Go to Creator's Profile
Score Distribution
Quiz Creator Spotlight
gak4191
Follow
Send a Message
Quizzes Created
-
Created Quiz Play Count
-
More By This Creator
Popular Quizzes Today
1
Colored Red Africa Blitz
2
Find the 'City' Movie
3
Find the US States - No Outlines Minefield
4
5x2 Blitz: Bands
5
The Countries of the World
6
Find the US States
7
US States
8
Find the Countries of Europe - No Outlines Minefield
More Music Quizzes
Hello, who's singing?
Editor's Pick
Trending Quizzes
Colored Red Europe Blitz I
Colored Red Europe Blitz II
Colored Red Africa Blitz II
Colored Red Europe Blitz III
Colored Red Africa Blitz III
Recently Updated
How Do You Spell That?
pecheneg
Godzilla Movies
pecheneg
Grab Bag: 4-10 Letters
pecheneg
2024 March Madness Bracket
pecheneg
Famous TV Couples
Peacemaker
Champions League XIs: Real Madrid
pecheneg
Largest US Cities 1790-2010
pecheneg
Rides in Walt Disney World
pecheneg
Most Oscar Losses (Acting)
pecheneg
Beyoncé Albums
pecheneg
Trending Topics
Harry Potter
NBA
Kpop
Anime
Disney
Marvel
Crossword
WWE
Puzzle
NFL
Soccer
Country
The Office
Song
Pokémon
Your Account Isn't Verified!
In order to create a playlist on Sporcle, you need to verify the email address you used during registration. Go to your
Sporcle Settings
to finish the process.
Report this User
Report this user for behavior that violates our
Community Guidelines
.
Details:
Send Report
Go to the Sporcle.com Mobile Site →
Comments